Concrete technology (Record no. 4023)

000 -LEADER
fixed length control field 00455nam a22001817a 4500
001 - CONTROL NUMBER
control field 4023
003 - CONTROL NUMBER IDENTIFIER
control field BD-DhUET
008 - FIXED-LENGTH DATA ELEMENTS--GENERAL INFORMATION
fixed length control field 141111b xxu||||| |||| 00| 0 eng d
040 ## - CATALOGING SOURCE
Transcribing agency 0
Modifying agency BD-DhUET
082 ## - DEWEY DECIMAL CLASSIFICATION NUMBER
Classification number 620.136
Item number SHE/1982
100 ## - MAIN ENTRY--PERSONAL NAME
Personal name Shetty, M. S.
245 ## - TITLE STATEMENT
Title Concrete technology
Remainder of title theory and practice
250 ## - EDITION STATEMENT
Edition statement 1st ed.
260 ## - PUBLICATION, DISTRIBUTION, ETC. (IMPRINT)
Place of publication, distribution, etc. New Delhi
Name of publisher, distributor, etc. S. Chand
Date of publication, distribution, etc. 1982
300 ## - PHYSICAL DESCRIPTION
Extent xiv, 592p.
Other physical details ill.
650 #0 - SUBJECT ADDED ENTRY--TOPICAL TERM
Topical term or geographic name as entry element Concrete - Engineering
942 ## - ADDED ENTRY ELEMENTS (KOHA)
Koha item type General Book
Holdings
Lost status Location (home branch) Damaged status Koha collection Sublocation or collection (holding branch) Koha full call number Withdrawn status Koha date last borrowed Not for loan Koha normalized classification for sorting Koha date last seen Date acquired Piece designation (barcode) Source of classification or shelving scheme Shelving location Koha issues (times borrowed) Copy number Price effective from Koha item type
 Central Library, BUET  Central Library, BUET620.136/SHE/1982 2014-11-11 620_000000000000000_136SHE19822014-12-232014-11-1158310 Circulation section122014-11-11General Book
 Central Library, BUET  Central Library, BUET620.136/SHE/1982 2014-11-16 620_000000000000000_136SHE19822017-06-052014-11-1656438 Circulation section112014-11-16General Book
 Central Library, BUET  Central Library, BUET620.136/SHE/1982 2014-11-18 620_136000000000000_SHE_19822016-09-032014-11-1858315 Circulation section132014-11-18General Book
 Central Library, BUET  Central Library, BUET620.136/SHE/1982 2016-03-05 620_000000000000000_136SHE19822016-08-212014-11-2658312 Circulation section242014-11-26General Book
 Central Library, BUET Non FictionCentral Library, BUET620.136/SHE/1982   620_136000000000000_SHE_19822015-02-052015-02-0558311 Circulation section 52015-02-05General Book
 Central Library, BUET  Central Library, BUET620.136/SHE/1982   620_136000000000000_SHE_19822015-06-142015-06-1458308 Reading section 62015-06-14Reading Item
 Central Library, BUET  Central Library, BUET620.136/SHE/1982   620_136000000000000_SHE_19822015-06-152015-06-1558309 Reading section 72015-06-15Reading Item
 Central Library, BUET  Central Library, BUET620.136/SHE/1982   620_136000000000000_SHE_19822015-06-162015-06-1658313 Reading section 82015-06-16Reading Item
 Central Library, BUET  Central Library, BUET620.136/SHE/1982   620_136000000000000_SHE_19822015-06-162015-06-1658314 Reading section 92015-06-16Reading Item
 Central Library, BUET  Central Library, BUET620.136/SHE/1982   620_136000000000000_SHE_19822015-06-202015-06-2058316 Reading section 102015-06-20Reading Item
 Central Library, BUET  Central Library, BUET620.136/SHE/1982   620_136000000000000_SHE_19822015-06-232015-06-2355327 Reading section 112015-06-23Reading Item